LEADER 01464nam a2200277 i 4500 001 000000348078 003 CaOOAMICUS 005 20211008143938.0 008 211008s2018 it a u000 u ita u 013 $a208842 020 $a978-88-6124-704-8 040 $aSeMil$bita 100 1 $aMatarazzo, Giuseppe ,$d<1976- >.$0(OLS)http://semarc/name/114798 245 10$a1948, votiamo DC :$ble prime elezioni repubblicane nelle pagine de L'osservatore romano e de La civiltà cattolica /$cGiuseppe Matarazzo ; prefazione di Anna Tonelli. 264 1$aTrapani :$bIl pozzo di Giacobbe,$c2018. 300 $a166 p., 43 p. di tav. :$bill. ;$c22 cm 490 0 $aOi christianoi. Sezione moderna/contemporanea ;$v24 650 4$aDemocrazia Cristiana <1943-1994> - Campagna elettorale 1948.$0(OLS)http://semarc/subject/51030 700 1 $aTonelli, Anna ,$d<1959- >.$0(OLS)http://semarc/name/114799 830 0$aOi christianoi. Sezione moderna/contemporanea ;$v24.$0(OLS)http://semarc/title/40734 850 $aSeMil 852 $aSeMil$W1$xVenegono$y1$m2TA I 24$j231066$B239117$CSeMilBibl$Z2$F239117 $81 996 $6020$a978-88-6124-704-8$9(OLS)http://semarc/number/294269 996 $6245$a1948, votiamo DC :$ble prime elezioni repubblicane nelle pagine de L'osservatore romano e de La civiltà cattolica$9(OLS)http://semarc/title/437414 996 $6264$aTrapani :$bIl pozzo di Giacobbe$9(OLS)http://semarc/publisher/31941 LEADER 01267nam a2200301 i 4500 001 000000100883 003 CaOOAMICUS 005 20190405131026.0 008 180119s1998 it u000 u ita u 013 $a73035 020 $a88-372-1666-1 040 $aSeMil$bita 100 1 $aScholtz, Gunter.$0(OLS)http://semarc/name/43521 240 14$aDie Philosophie Schleiermachers.$0(OLS)http://semarc/title/406787 245 13$aLa filosofia di Schleiermacher /$cGunter Scholtz ; a cura di Giovanni Moretto. 260 $aBrescia :$bMorcelliana,$c1998. 300 $a215 p. ;$c21 cm. 490 0 $aMaestri del pensiero ;$v10 600 14$aSchleiermacher, Friedrick Daniel Ernst.$0(OLS)http://semarc/subject/930 700 1 $aMoretto, Giovanni,$d<1939-2006>.$0(OLS)http://semarc/name/5601 830 0$aMaestri del pensiero ;$v10.$0(OLS)http://semarc/title/8135 850 $aSeMil 852 $aSeMil$W1$xVenegono$y1$m2OA II 60$j57894$B57894$CSeMilBibl$Z2$F68394 $81 961 $aRecupero: Seminario di Seveso 996 $6020$a88-372-1666-1$9(OLS)http://semarc/number/80707 996 $6245$aLa filosofia di Schleiermacher$9(OLS)http://semarc/title/406786 996 $6260$aBrescia :$bMorcelliana$9(OLS)http://semarc/publisher/29629